Statistics for 中国人均小麦产量最多的省区 China provinces with largest wheat yield per capita

Click here to take the quiz!

General Stats

  • This quiz has been taken 26 times
  • The average score is 8 of 10

Answer Stats

小麦人均产量/kg省区% Correct
377.54河南
100%
252.72山东
100%
192.83河北
100%
104.48陕西
88%
157.36江苏
83%
273.82安徽
67%
107.52甘肃
67%
69.75湖北
67%
224.75新疆
58%
71.08内蒙古
58%

Score Distribution

Percentile by Number Answered

Percent of People with Each Score

Your Score History

You have not taken this quiz